| 000 | 00000nam 2200000zi 4500 |
| 001 | 9.931642 |
| 003 | CaOODSP |
| 005 | 20241105150801 |
| 006 | m o d f |
| 007 | cr cn||||||||| |
| 008 | 231219t20232023onc o f000 0 fre d |
| 020 | |a9780660693774 |
| 040 | |aCaOODSP|bfre|erda|cCaOODSP |
| 043 | |an-cn--- |
| 086 | 1 |aIu71-4/107-2024F-PDF |
| 245 | 00|aFeuille de route de la PI : |bla marche à suivre pour une révision par la Commission d'appel des brevets. |
| 264 | 1|a[Ottawa] : |bInnovation, sciences et développement économique Canada = Innovation, Science and Economic Development Canada, |c[2023] |
| 264 | 4|c©2023 |
| 300 | |a1 ressource en ligne (1 page non numérotée) |
| 336 | |atexte|btxt|2rdacontent/fre |
| 337 | |ainformatique|bc|2rdamedia/fre |
| 338 | |aressource en ligne|bcr|2rdacarrier/fre |
| 500 | |aPublié aussi en anglais sous le titre : IP roadmap: your path to a review by the Patent Appeal Board. |
| 650 | 6|aPropriété intellectuelle|zCanada. |
| 650 | 6|aBrevets d'invention|zCanada. |
| 710 | 1 |aCanada. |bInnovation, sciences et développement économique Canada, |eorganisme de publication. |
| 710 | 2 |aOffice de la propriété intellectuelle du Canada, |eorganisme de publication. |
| 775 | 08|tIP roadmap : |w(CaOODSP)9.931641 |
| 856 | 40|qPDF|s126 Ko|uhttps://publications.gc.ca/collections/collection_2024/opic-cipo/Iu71-4-107-2024-fra.pdf |
| 856 | 4 |qHTML|sS.O.|uhttps://ised-isde.canada.ca/site/office-propriete-intellectuelle-canada/fr/feuille-route-pi-marche-suivre-pour-revision-commission-dappel-brevets |